Năm vấn đề lớn nhất chưa giải quyết được trong khoa học

Nhan đề tiếng Anh: The five biggest unsolved problems in science; Nội dung lần lượt giới thiệu và thảo luận về năm vấn đề lớn mà khoa học còn bỏ ngỏ. Vấn đề đầu tiên là về cấu trúc của vật chất và bản chất của các hạt vi mô; Thứ hai là va...

Description complète

Enregistré dans:
Détails bibliographiques
Auteur principal: Wynn, Charles M
Autres auteurs: Wiggins, Arthur W
Format: Livre
Langue:Undetermined
Publié: H. Dân trí 2015
Sujets:
Accès en ligne:http://lrc.tdmu.edu.vn/opac/search/detail.asp?aID=2&ID=26408
Tags: Ajouter un tag
Pas de tags, Soyez le premier à ajouter un tag!
Thư viện lưu trữ: Trung tâm Học liệu Trường Đại học Thủ Dầu Một
LEADER 01079nam a2200205Ia 4500
001 TDMU_26408
008 210410s9999 xx 000 0 und d
082 |a 959.7028 
090 |b W609 
100 |a Wynn, Charles M 
245 0 |a Năm vấn đề lớn nhất chưa giải quyết được trong khoa học 
260 |a H. 
260 |b Dân trí 
260 |c 2015 
300 |a 311 tr. 
520 |a Nhan đề tiếng Anh: The five biggest unsolved problems in science; Nội dung lần lượt giới thiệu và thảo luận về năm vấn đề lớn mà khoa học còn bỏ ngỏ. Vấn đề đầu tiên là về cấu trúc của vật chất và bản chất của các hạt vi mô; Thứ hai là vấn đề hóa học; Vấn đề thứ ba 
650 |a Khoa học  |x Giải quyết vấn đề 
700 |a Wiggins, Arthur W 
856 |u http://lrc.tdmu.edu.vn/opac/search/detail.asp?aID=2&ID=26408 
980 |a Trung tâm Học liệu Trường Đại học Thủ Dầu Một